00579cam a22001931 4500001001300000003000400013005001700017008004100034010001700075035001900092040001800111042001200129050001700141100004200158245004300200260004000243300004600283651005600329sa 66003899 DLC20260227112239.0820922s1965 ii abc 000 0 eng  asa 66003899  a(OCoLC)8797436 aDLCcMoUdDLC apremarc00aDS485.K2bI31 aMohammed Ibrahim, Sardar,d1915-2003.14aThe Kashmir saga,cby M. Ibrahim Khan. aLahore,bRipon Print. Press,c1965. a228 p.billus., fold. map, ports.c23 cm. 0aJammu and Kashmir (India)xPolitics and government.